Visualizzazione normale
Vista MARC
- Mártires cristianos
di Topical Term
Records bibliografici associati: 1
001 - CONTROL NUMBER
- control field: 69436
003 - CONTROL NUMBER IDENTIFIER
- control field: IT-RoINE
005 - DATE AND TIME OF LATEST TRANSACTION
- control field: 20201005102742.0
008 - FIXED-LENGTH DATA ELEMENTS
- fixed length control field: 201005|| aca||aabn | a|a d
040 ## - CATALOGING SOURCE
- Original cataloging agency: IT-RoINE
- Transcribing agency: IT-RoINE
150 ## - HEADING--TOPICAL TERM
- Topical term or geographic name as entry element: Mártires cristianos
- Geographic subdivision: España
- Geographic subdivision: Barbastro
- Chronological subdivision: 1936-1939 (Guerra civil)
670 ## - SOURCE DATA FOUND
- Source citation: Work cat.: (IT-RoINE): Ibarra Benlloch, Martín 28791, Gitano y obispo unidos en el martirio :, 2019.